Church and Society (Record no. 6874)

MARC details
000 -LEADER
fixed length control field 00640nam a2200253 a 4500
020 ## - INTERNATIONAL STANDARD BOOK NUMBER
ISBN
082 00 - DEWEY DECIMAL CLASSIFICATION NUMBER
Classification number 261.1
Author Cutter THO
100 ## - MAIN ENTRY--AUTHOR NAME
Author name Thomas, M M
245 ## - TITLE STATEMENT
Title Church and Society
260 ## - PUBLICATION, DISTRIBUTION, ETC. (IMPRINT)
Place of publication Trivandrum
Name of publisher East Asia Christian Conference
Year of publication 1964
300 ## - PHYSICAL DESCRIPTION
Number of Pages 89p
500 ## - GENERAL NOTE
General note includes index and biblioraphy
505 2# - FORMATTED CONTENTS NOTE
Formatted contents note Index Subject and Index of Names
650 ## - SUBJECT ADDED ENTRY--TOPICAL TERM
Topical Term Church-Social Services
650 ## - SUBJECT ADDED ENTRY--TOPICAL TERM
Topical Term Christianity-India
942 ## - ADDED ENTRY ELEMENTS (KOHA)
Koha item type Books
700 1# -
-- Thomas, M M
Holdings
Home library Current library Date acquired Cost, normal purchase price Full call number Accession Number Koha item type
Henry Martyn Institute Library Henry Martyn Institute Library 07/10/2007 100.00 261.1 THO 012324 E-Books
                   Copyright © 2026 | Henry Martyn Institute | Hyderabad | TS-500052 | INDIA | Implemented by hmi.edu.in
Hit-Count:

Powered by Koha